Edicto del Obispo Palafox para que el cura de San Miguel del Monte entregue su aportación para lo solicitado en corte

Detalles Bibliográficos
Otros Autores: Juan de Palafox y Mendoza
Formato: Libro
Publicado: Puebla de los Ángeles , 1643
Materias:
Colección:Banco de datos
Acervo:Biblioteca Palafoxiana. Colección de Manuscritos
Descripción Física:1 f. ; 21 x 30.5 cm.
Tema general:Eclesiástica
LEADER 00486nam a22001450004500
035 |a 2476 
245 1 0 |a Edicto del Obispo Palafox para que el cura de San Miguel del Monte entregue su aportación para lo solicitado en corte 
260 |a Puebla de los Ángeles , 1643 
300 |a 1 f. ; 21 x 30.5 cm. 
650 1 0 |a Eclesiástica 
700 1 |a Juan de Palafox y Mendoza 
949 |a R419/024 
942 |c PALAMANU 
943 |g Biblioteca Palafoxiana. Colección de Manuscritos 
999 |c 1070421  |d 1070421